Ekonomika nakladania s odpadom vo vybranom podniku diplomová práca

Guardado en:
Detalles Bibliográficos
Autor principal: Lukáčová, Simona
Autor Corporativo: Podnikovohospodárska fakulta EU so sídlom v Košiciach. Katedra ekonómie
Otros Autores: Stričík, Michal, 1969-
Formato: Libro
Lenguaje:eslovaco
Publicado: Košice 2014
Etiquetas: Agregar Etiqueta
Sin Etiquetas, Sea el primero en etiquetar este registro!

MARC

LEADER 00000nbm a2200000 4500
001 0187166
005 20240827092236.4
041 0 |a slo 
044 |a SK 
245 1 0 |a Ekonomika nakladania s odpadom vo vybranom podniku  |b diplomová práca  |c Simona Lukáčová ; školiteľ: Michal Stričík 
264 1 |a Košice  |c 2014 
300 |a 58 s. 
100 1 |a Lukáčová, Simona 
700 1 |a Stričík, Michal, 1969- 
710 2 |a Podnikovohospodárska fakulta EU so sídlom v Košiciach. Katedra ekonómie